00786 a2200241 4500001000700000003000400007005001700011008004100028020001800069082001600087100002100103245009300124260003700217300001000254653001400264653002600278653003500304653004700339700002000386942001200406999001700418952010900435147070OSt20210913121026.0  a9780821382561 a338.9bM31L1 aMansuri, Ghazala1 aLocalizing development : does participation work?cby Ghazala Mansuri and Vijayendra Rao aWashingtonbThe World Bankc2013 a324p. aEconomics aCommunity development aDecentralization in government aEconomic development-citizen participation aRao, Vijayendra 2ddccBK c13180d13180 00102ddc40708TXBaCURAJbCURAJd2015-09-11eECOg0.00o338.9 M31Lp20548r2024-11-21w2020-09-02yBK